000 00211 a2200097 4500
001 30604
100 _aRauf
245 _aDynamic Educational Psychology
260 _a
_bFeroz Sons Ltd
_c
090 _c20544
_d20544
942 _aNUST-CAE
_cM
_c11719
999 _c265677
_d265677